[Event "British Columbia-ch Seniors 50+"]
[Site "Surrey CAN"]
[Date "2025.06.20"]
[Round "2.1"]
[White "Bacon, Craig"]
[Black "Ross, Paul"]
[Result "0-1"]
[WhiteElo "1735"]
[BlackElo "2287"]
[WhiteFideId "-1"]
[WhiteFideId "-1"]
[PlyCount "72"]
[GameId "2197311441107730"]
[EventDate "2025.06.20"]
[EventType "swiss"]
[EventRounds "6"]
[EventCountry "CAN"]

{[%evp 0,72,19,38,43,18,28,25,68,19,15,-14,26,8,4,5,72,22,19,-12,-1,-18,70,-13,1,-9,-12,-5,-10,-3,40,9,-2,3,20,11,1,-58,-101,-111,-115,-113,-113,-108,-105,-141,-93,-78,-68,-102,-115,-119,-116,-74,-72,-120,-118,-124,-140,-142,-146,-181,-145,-102,-120,-157,-196,-469,-502,-491,-491,-503,-509,-535,-550]} 1. e4 e6 2. d4 d5 3. Nc3 Nf6 4. e5 Nfd7 5. Nce2 b6 6. f4 Be7 7. Nf3 Ba6 8. g3 c5 9. c3 Nc6 10. a3 Na5 11. Bh3 g6 12. O-O Bc4 13. Be3 Bb3 14. Qc1 cxd4 15. Nfxd4 Nc5 16. Qe1 Qd7 17. Nxb3 Ncxb3 18. Rd1 Nc4 19. Nd4 Nxd4 20. Bxd4 Nxb2 21. Rb1 Nc4 22. f5 Rf8 23. fxe6 fxe6 24. Qc1 O-O-O 25. Qh6 Bxa3 26. Rf6 Rfe8 27. Rbf1 Re7 28. Rf8 Kb7 29. Rxd8 Qxd8 30. Rf8 Qd7 31. Qf4 a5 32. Bg2 Rg7 33. Bf2 Bxf8 34. Qxc4 Qc6 35. Qd3 Rc7 36. Bf1 Bc5 0-1

[Event "British Columbia-ch Seniors 50+"]
[Site "Surrey CAN"]
[Date "2025.06.20"]
[Round "2.2"]
[White "Fuentebella, Mayo"]
[Black "Beaulieu, Michael"]
[Result "1-0"]
[WhiteElo "2109"]
[BlackElo "1752"]
[WhiteFideId "-1"]
[WhiteFideId "-1"]
[PlyCount "147"]
[GameId "2197311441107731"]
[EventDate "2025.06.20"]
[EventType "swiss"]
[EventRounds "6"]
[EventCountry "CAN"]

1. c4 c5 2. Nc3 g6 3. Nf3 Bg7 4. d4 cxd4 5. Nxd4 Nc6 6. Nb3 Nf6 7. e4 d6 8. Be2 O-O 9. O-O Bd7 10. Be3 Ne5 11. h3 Bc6 12. f4 Ned7 13. Bf3 Ne8 14. Nd4 Qc7 15. Rc1 a5 16. Qd2 Nb6 17. b3 Bxd4 18. Qxd4 Nd7 19. Nd5 Qd8 20. Rfd1 Ng7 21. g4 e5 22. Qd2 f5 23. exf5 gxf5 24. Qf2 Kh8 25. Qg3 fxg4 26. hxg4 Nf5 27. gxf5 Rg8 28. Bg4 Bxd5 29. fxe5 Be4 30. Rxd6 Bxf5 31. e6 Rxg4 32. Qxg4 Bxg4 33. Rxd7 Qxd7 34. exd7 Bxd7 35. Bb6 Bc6 36. Kf2 Kg7 37. Rg1+ Kf7 38. Ke3 Ra6 39. Bd4 h6 40. Rg7+ Kf8 41. Rh7 Be8 42. Rxb7 Re6+ 43. Kf4 h5 44. Bc3 Re2 45. a4 Rg2 46. Bxa5 h4 47. Bc7 h3 48. Ke3 h2 49. Bd6+ Kg8 50. Bxh2 Rxh2 51. a5 Bc6 52. Rc7 Bh1 53. Kd4 Kf8 54. b4 Ke8 55. b5 Kd8 56. Rg7 Ra2 57. a6 Kc8 58. Re7 Bg2 59. Re1 Bf3 60. Re8+ Kd7 61. Re3 Bh1 62. Rg3 Ra4 63. Rg7+ Kc8 64. Kd3 Bf3 65. Re7 Kd8 66. Re3 Bg2 67. Re1 Kd7 68. Kc3 Kd6 69. Kb3 Ra5 70. Re2 Bf3 71. Re1 Kd7 72. Kb4 Ra2 73. Rg1 Be4 74. c5 {Time} 1-0

[Event "British Columbia-ch Seniors 50+"]
[Site "Surrey CAN"]
[Date "2025.06.20"]
[Round "2.3"]
[White "Landingin, Jofrel"]
[Black "McLaren, Brian"]
[Result "0-1"]
[WhiteElo "1693"]
[BlackElo "2040"]
[WhiteFideId "-1"]
[WhiteFideId "-1"]
[PlyCount "132"]
[GameId "2197311441107732"]
[EventDate "2025.06.20"]
[EventType "swiss"]
[EventRounds "6"]
[EventCountry "CAN"]

1. e4 Nf6 2. Nc3 d5 3. e5 Nfd7 4. f4 e6 5. Nf3 b6 6. a4 Bb4 7. Na2 Be7 8. d4 O-O 9. Be3 f5 10. Qd2 c5 11. c3 a5 12. Bd3 Ba6 13. O-O Qc8 14. Nc1 Qc6 15. Qe2 Bxd3 16. Qxd3 c4 17. Qe2 Qc8 18. Ng5 Bxg5 19. fxg5 Nc6 20. h4 Rb8 21. h5 Qe8 22. Rf4 b5 23. Rh4 Ne7 24. Qd2 g6 25. Ne2 gxh5 26. Nf4 Ng6 27. Rh3 Nxf4 28. Bxf4 Rf7 29. Rxh5 Nf8 30. g6 hxg6 31. Rh6 Rh7 32. Kf2 Rxh6 33. Bxh6 Nh7 34. Rh1 Qe7 35. axb5 Rxb5 36. Qc2 Qf7 37. Bc1 Rb3 38. Qd2 Qg7 39. Qe3 Rb7 40. Qh3 a4 41. Qh4 g5 42. Qh5 Rf7 43. Kg3 Rf8 44. Bd2 f4+ 45. Kf2 Qf7 46. Qh6 Qf5 47. Ra1 Ra8 48. Kg1 Ra7 49. Qh5 Qf7 50. Qd1 Qe8 51. Qg4 Kh8 52. Kf2 Rb7 53. Bc1 Qg6 54. Qd1 Qh6 55. Rxa4 Qh4+ 56. Kg1 Nf8 57. Ra8 Kg8 58. b3 cxb3 59. Ba3 Rf7 60. Qb1 Qh5 61. Qxb3 Qg4 62. Rxf8+ Rxf8 63. Bxf8 Kxf8 64. Qb8+ Kg7 65. Qe8 Qf5 66. Qe7+ Kg6 0-1

[Event "British Columbia-ch Seniors 50+"]
[Site "Surrey CAN"]
[Date "2025.06.20"]
[Round "2.4"]
[White "Kagaoan, Jose"]
[Black "Harris, Philip"]
[Result "1-0"]
[WhiteElo "2026"]
[BlackElo "1710"]
[WhiteFideId "-1"]
[WhiteFideId "-1"]
[PlyCount "111"]
[GameId "2197311441107733"]
[EventDate "2025.06.20"]
[EventType "swiss"]
[EventRounds "6"]
[EventCountry "CAN"]

1. e4 c6 2. Bc4 d5 3. Bb3 e5 4. Nc3 Nf6 5. Nf3 Bg4 6. h3 Bxf3 7. Qxf3 d4 8. Ne2 Bd6 9. d3 Nbd7 10. Ng3 g6 11. Bh6 Bf8 12. Bxf8 Kxf8 13. O-O-O a5 14. a3 Kg7 15. Ne2 Nc5 16. Ba2 b5 17. g4 Qe7 18. h4 b4 19. a4 Nxa4 20. Qg3 h5 21. f3 c5 22. g5 Nd7 23. f4 exf4 24. Nxf4 Nab6 25. Rhf1 Rhf8 26. e5 Nxe5 27. Rde1 Rae8 28. Re4 Qd6 29. Rfe1 Nbd7 30. Nd5 Re6 31. Nf6 Rxf6 32. gxf6+ Qxf6 33. Rxe5 Nxe5 34. Qxe5 Rc8 35. Qxf6+ Kxf6 36. Rf1+ Ke5 37. Rxf7 Rc6 38. Kd2 Rf6 39. Rxf6 Kxf6 40. Ke2 Kf5 41. Kf3 a4 42. Bc4 a3 43. bxa3 bxa3 44. Bb3 g5 45. hxg5 Kxg5 46. Kg3 h4+ 47. Kh3 Kf4 48. Kxh4 Ke3 49. Kg3 Kd2 50. Kf4 Kc3 51. Ke5 Kb4 52. Kd5 Kb5 53. Bc4+ Kb4 54. Kc6 Kc3 55. Kxc5 Kxc2 56. Kxd4 1-0

[Event "British Columbia-ch Seniors 50+"]
[Site "Surrey CAN"]
[Date "2025.06.20"]
[Round "2.5"]
[White "Basilio, Ronald"]
[Black "Mohammed Qanee, Arpak Worya"]
[Result "0-1"]
[WhiteElo "1685"]
[BlackElo "1996"]
[WhiteFideId "-1"]
[WhiteFideId "-1"]
[PlyCount "152"]
[GameId "2197311441169174"]
[EventDate "2025.06.20"]
[EventType "swiss"]
[EventRounds "6"]
[EventCountry "CAN"]

{[%evp 0,33,26,42,32,32,35,-4,7,32,78,48,40,50,54,24,26,18,34,14,14,-29,4,-3,-18,-18,-6,-3,15,-17,0,-3,4,7,13,-62]} 1. e4 c5 2. Nf3 Nc6 3. d4 cxd4 4. Nxd4 g6 5. Nc3 Bg7 6. Be3 d6 7. Qd2 Nf6 8. Be2 O-O 9. Nxc6 bxc6 10. Bh6 Rb8 11. Bxg7 Kxg7 12. b3 Qa5 13. O-O Be6 14. f4 Qc5+ 15. Kh1 Rb4 16. Bf3 Rd4 17. Qe3 Rc4 18. Qxc5 Rxc5 19. Ne2 Rxc2 20. Nd4 Rc3 21. Rac1 Rxc1 22. Rxc1 c5 23. Nc6 Bd7 24. e5 Ng4 25. Nxa7 Nf2+ 26. Kg1 Nd3 27. Rd1 Nxf4 28. exd6 e5 29. Nc6 Bxc6 30. Bxc6 Ne2+ 31. Kf2 Nd4 32. Bd5 Rd8 33. Rc1 Rxd6 34. Rxc5 f5 35. a4 Kf6 36. a5 Ne6 37. Bxe6 Kxe6 38. b4 Rd2+ 39. Ke3 Ra2 40. Rc8 Kd5 41. Rc5+ Kd6 42. Rc8 Ra4 43. Rb8 Ra3+ 44. Kf2 e4 45. Rb6+ Kc7 46. g3 Ra2+ 47. Ke3 Rxh2 48. Rf6 Rb2 49. Rf7+ Kc6 50. Rxh7 Rxb4 51. Rh6 Rb3+ 52. Kf4 Rf3+ 53. Ke5 Rxg3 54. a6 Kb6 55. a7 Kxa7 56. Rh7+ Kb6 57. Kf4 Rg4+ 58. Ke3 Kc6 59. Ra7 Kd6 60. Ra6+ Ke5 61. Ra5+ Kf6 62. Ra6+ Kg5 63. Ra5 Rg3+ 64. Kf2 Kf4 65. Ra4 g5 66. Rb4 g4 67. Ra4 Rb3 68. Rc4 Rb2+ 69. Kf1 Kf3 70. Rc3+ e3 71. Rc1 f4 72. Re1 g3 73. Kg1 Kg4 74. Ra1 f3 75. Ra4+ Kh3 76. Ra1 f2+ 0-1

[Event "British Columbia-ch Seniors 50+"]
[Site "Surrey CAN"]
[Date "2025.06.21"]
[Round "3.1"]
[White "Ross, Paul"]
[Black "Williamson, Jason"]
[Result "1-0"]
[WhiteElo "2287"]
[BlackElo "1971"]
[WhiteFideId "-1"]
[WhiteFideId "-1"]
[PlyCount "85"]
[GameId "2197311441169175"]
[EventDate "2025.06.20"]
[EventType "swiss"]
[EventRounds "6"]
[EventCountry "CAN"]

{[%evp 0,61,19,34,29,22,69,43,30,46,84,91,77,32,32,33,33,28,28,46,38,40,34,17,29,29,44,32,78,50,114,104,104,68,127,128,94,163,160,188,194,118,137,161,139,140,139,146,213,181,232,229,218,222,221,217,223,208,203,220,227,185,208,179]} 1. d4 Nf6 2. Nf3 g6 3. c4 c5 4. d5 b5 5. cxb5 a6 6. b6 Qxb6 7. Nc3 d6 8. e4 Nbd7 9. Be2 Bg7 10. O-O O-O 11. Re1 Bb7 12. h3 Qc7 13. Bf4 Nb6 14. a4 Nfd7 15. a5 Nc8 16. Bc4 Na7 17. Qe2 Rfb8 18. e5 dxe5 19. Nxe5 Nxe5 20. Bxe5 Qxe5 21. Qxe5 Bxe5 22. Rxe5 Nc8 23. Na4 Nd6 24. b3 Kf8 25. Nb6 Bc8 26. Nxa8 Rxa8 27. Rae1 Ra7 28. g4 Rc7 29. Rc1 Bb7 30. Re3 Rc8 31. f3 Rc7 32. Kf2 Rc8 33. Rec3 Rd8 34. Rd1 Rc8 35. Be2 Nb5 36. Bxb5 axb5 37. Rdc1 Ra8 38. Rxc5 Rxa5 39. b4 Ra2+ 40. R1c2 Rxc2+ 41. Rxc2 Bxd5 42. Rc8+ Kg7 43. Rc5 1-0

[Event "British Columbia-ch Seniors 50+"]
[Site "Surrey CAN"]
[Date "2025.06.21"]
[Round "3.2"]
[White "Mohammed Qanee, Arpak Worya"]
[Black "Fuentebella, Mayo"]
[Result "0-1"]
[WhiteElo "1996"]
[BlackElo "2109"]
[WhiteFideId "-1"]
[WhiteFideId "-1"]
[PlyCount "80"]
[GameId "2197311441169176"]
[EventDate "2025.06.20"]
[EventType "swiss"]
[EventRounds "6"]
[EventCountry "CAN"]

{[%evp 0,54,34,31,37,47,36,32,59,33,11,28,40,47,30,22,22,-19,-13,-22,-22,-13,-7,-4,-4,-20,-36,-42,-29,-59,-50,-64,-25,-97,-86,-116,-141,-150,-233,-235,-250,-274,-311,-326,-329,-318,-340,-329,-245,-226,-115,-132,-149,-149,-149,-147,-176]} 1. e4 e6 2. d4 d5 3. Nc3 Nf6 4. Bg5 Bb4 5. e5 h6 6. Bd2 Bxc3 7. bxc3 Ne4 8. Bd3 Nxd2 9. Qxd2 c5 10. f4 a6 11. Nf3 Nc6 12. h4 Qa5 13. h5 Bd7 14. Rh3 Rc8 15. g4 b5 16. Kd1 Qa3 17. Rh1 Qb2 18. Ke2 c4 19. a3 cxd3+ 20. Kxd3 b4 21. axb4 Nxb4+ 22. cxb4 Bb5+ 23. c4 dxc4+ 24. Ke3 Qb3+ 25. Kf2 c3 26. Qa2 Qxb4 27. Qa3 Qc4 28. Rhc1 c2 29. Ra2 Qe2+ 30. Kg3 Bd3 31. Qa4+ Kf8 32. Qd7 Ra8 33. Re1 Qxe1+ 34. Nxe1 c1=Q 35. Nxd3 Qe3+ 36. Kh4 Qxd3 37. Rb2 Kg8 38. Rb7 Rf8 39. Ra7 Qe4 40. Rxa6 Qxf4 0-1

[Event "British Columbia-ch Seniors 50+"]
[Site "Surrey CAN"]
[Date "2025.06.21"]
[Round "3.3"]
[White "McLaren, Brian"]
[Black "Leblanc, Paul"]
[Result "1-0"]
[WhiteElo "2040"]
[BlackElo "1764"]
[WhiteFideId "-1"]
[WhiteFideId "-1"]
[PlyCount "79"]
[GameId "2197311441169177"]
[EventDate "2025.06.20"]
[EventType "swiss"]
[EventRounds "6"]
[EventCountry "CAN"]

{[%evp 0,74,34,-9,-12,-35,-11,-39,-9,-8,-3,4,5,1,56,25,18,22,58,24,22,19,31,24,42,5,0,3,14,19,25,24,30,30,11,38,22,28,33,43,50,123,174,183,173,136,140,147,145,140,145,145,145,135,182,173,202,210,234,242,241,232,250,257,249,252,281,238,239,251,287,277,287,277,318,316,344]} 1. g3 d5 2. Bg2 Nf6 3. d3 c5 4. Nf3 Nc6 5. O-O Bg4 6. h3 Bh5 7. Bf4 Bxf3 8. Bxf3 e5 9. Bd2 Qd7 10. Bg2 Bd6 11. Bg5 Be7 12. c4 d4 13. a3 h6 14. Bxf6 Bxf6 15. Qa4 O-O 16. b4 Be7 17. Nd2 a6 18. Rfb1 Rfb8 19. bxc5 Bxc5 20. Nb3 Be7 21. Na5 Qc7 22. Nxc6 bxc6 23. Qxc6 Qxc6 24. Bxc6 Rxb1+ 25. Rxb1 Rc8 26. Bd5 Kf8 27. a4 a5 28. Rb5 Bb4 29. Rb7 Be7 30. Ra7 g6 31. Rxa5 Rc7 32. Ra8+ Kg7 33. Kg2 Bc5 34. Rb8 f5 35. a5 Ra7 36. Rb5 Be7 37. Bb7 Bf6 38. a6 Kf8 39. Rb6 Ke7 40. Bd5 1-0

[Event "British Columbia-ch Seniors 50+"]
[Site "Surrey CAN"]
[Date "2025.06.21"]
[Round "3.4"]
[White "Morgan, Scott"]
[Black "Kagaoan, Jose"]
[Result "1/2-1/2"]
[WhiteElo "1937"]
[BlackElo "2026"]
[WhiteFideId "-1"]
[WhiteFideId "-1"]
[PlyCount "49"]
[GameId "2197311441169178"]
[EventDate "2025.06.20"]
[EventType "swiss"]
[EventRounds "6"]
[EventCountry "CAN"]

{[%evp 0,29,22,18,86,66,101,48,47,38,32,15,19,18,31,12,48,35,41,43,48,58,112,27,118,42,53,27,81,67,74,67]} 1. e4 g6 2. d4 Nf6 3. Nc3 d5 4. exd5 Nxd5 5. Nxd5 Qxd5 6. Nf3 Bg7 7. Be2 Bg4 8. O-O O-O 9. h3 Bf5 10. c3 Nd7 11. Be3 Rad8 12. Re1 h6 13. Qd2 Kh7 14. Rad1 b5 15. b3 Nb6 16. c4 bxc4 17. bxc4 Nxc4 18. Bxc4 Qxc4 19. Rc1 Qd5 20. Rxc7 Rd7 21. Rec1 Rfd8 22. R1c5 Qe4 23. Rxd7 Rxd7 24. Ne5 Bxe5 25. Rxe5 1/2-1/2

[Event "British Columbia-ch Seniors 50+"]
[Site "Surrey CAN"]
[Date "2025.06.21"]
[Round "3.5"]
[White "Verdon, Norman"]
[Black "Radic, Dejan"]
[Result "1/2-1/2"]
[WhiteElo "1885"]
[BlackElo "1672"]
[WhiteFideId "-1"]
[WhiteFideId "-1"]
[PlyCount "84"]
[GameId "2197311441169179"]
[EventDate "2025.06.20"]
[EventType "swiss"]
[EventRounds "6"]
[EventCountry "CAN"]

{[%evp 0,17,28,30,51,8,10,-24,-24,-35,-42,-247,-64,-271,-101,-216,-53,-267,-132,-484]} 1. Nf3 c5 2. b3 Nf6 3. Bb2 g6 4. e4 Bg7 5. c4 d6 6. h3 O-O 7. d3 Nc6 8. Be2 Nh5 9. Bxg7 Nxg7 10. Qd2 Ne6 11. Nc3 Ncd4 12. O-O-O Kg7 13. Rde1 Qa5 14. Bd1 Qa3+ 15. Qb2 Qxb2+ 16. Kxb2 Nf4 17. Bc2 Nxg2 18. Reg1 Nf4 19. Nxd4 cxd4 20. Nb5 Nxh3 21. Rg3 Nxf2 22. Rf1 Ng4 23. Nxd4 Bd7 24. Bd1 Ne5 25. Be2 a6 26. a4 a5 27. Kc3 Nc6 28. Nf5+ Bxf5 29. exf5 e5 30. f6+ Kg8 31. Rh1 Nd4 32. Bg4 Ne6 33. Bf5 Nf4 34. Bg4 d5 35. c5 d4+ 36. Kc4 Ra6 37. Bf3 Rxf6 38. Bxb7 h5 39. Re1 Kg7 40. Rxe5 Re6 41. Rxe6 Nxe6 42. Bd5 Rb8 1/2-1/2

[Event "British Columbia-ch Seniors 50+"]
[Site "Surrey CAN"]
[Date "2025.06.21"]
[Round "4.1"]
[White "Fuentebella, Mayo"]
[Black "Ross, Paul"]
[Result "0-1"]
[WhiteElo "2109"]
[BlackElo "2287"]
[WhiteFideId "-1"]
[WhiteFideId "-1"]
[PlyCount "86"]
[GameId "2197311441169180"]
[EventDate "2025.06.20"]
[EventType "swiss"]
[EventRounds "6"]
[EventCountry "CAN"]

1. c4 g6 2. Nc3 Bg7 3. d4 f5 4. Nf3 Nf6 5. Bf4 O-O 6. e3 d6 7. Be2 c6 8. h3 h6 9. Bh2 Nbd7 10. O-O Qe8 11. Rc1 a5 12. b3 Rf7 13. d5 Nc5 14. Nd4 Bd7 15. Bf3 Bf8 16. Qc2 e5 17. dxe6 Bxe6 18. Rfd1 Rd7 19. Nxc6 bxc6 20. Bxc6 Qc8 21. Bxd7 Qxd7 22. Rd4 Ne8 23. Rcd1 Ra6 24. f3 Qe7 25. Kf2 Bg7 26. R4d2 Be5 27. Bxe5 dxe5 28. Nd5 Bxd5 29. Rxd5 e4 30. f4 Nd3+ 31. R1xd3 exd3 32. Qxd3 Nf6 33. Rd8+ Kf7 34. Kf3 Re6 35. Rd4 Qc5 36. g4 Qc6+ 37. Kg3 Qe8 38. Kf3 Qc6+ 39. Kg3 Ne4+ 40. Kh2 Nc5 41. Qd2 Qf3 42. Qg2 Qxe3 43. Qd2 Qf3 0-1

[Event "British Columbia-ch Seniors 50+"]
[Site "Surrey CAN"]
[Date "2025.06.21"]
[Round "4.2"]
[White "Kagaoan, Jose"]
[Black "McLaren, Brian"]
[Result "0-1"]
[WhiteElo "2026"]
[BlackElo "2040"]
[WhiteFideId "-1"]
[WhiteFideId "-1"]
[PlyCount "132"]
[GameId "2197311441169181"]
[EventDate "2025.06.20"]
[EventType "swiss"]
[EventRounds "6"]
[EventCountry "CAN"]

1. e4 Nf6 2. e5 Nd5 3. c4 Nb6 4. a4 a5 5. Nc3 d6 6. exd6 exd6 7. d4 Be7 8. Bd3 Nc6 9. Nf3 Bg4 10. Be3 Nb4 11. Be2 Bxf3 12. gxf3 d5 13. b3 Bf6 14. Rc1 O-O 15. O-O c6 16. Kh1 Re8 17. Rg1 Nc8 18. cxd5 Nxd5 19. Nxd5 cxd5 20. Rg3 Ne7 21. Qd3 Qd7 22. f4 Nf5 23. Rh3 Nh4 24. Rg1 g6 25. Rg4 Nf5 26. Rh5 Ng7 27. Rh3 Rac8 28. Qb5 Qe6 29. Bf3 Red8 30. Qxa5 Nf5 31. Qd2 Nd6 32. Qd1 Rc7 33. Rh5 Nf5 34. Qd3 Ng7 35. f5 Qd7 36. Rxh7 Kxh7 37. fxg6+ Kg8 38. Rg1 Qf5 39. gxf7+ Kf8 40. Qxf5 Nxf5 41. Bh5 Rxf7 42. Bxf7 Kxf7 43. Rc1 Rd7 44. Kg2 Ke6 45. Rd1 Rg7+ 46. Kf3 Rh7 47. b4 Rxh2 48. a5 Rh3+ 49. Ke2 Rh4 50. b5 Bxd4 51. Bg5 Rg4 52. f4 Rg2+ 53. Kd3 Rb2 54. Re1+ Kd6 55. Re8 Rb3+ 56. Kc2 Rb2+ 57. Kd3 Rb3+ 58. Kc2 Rxb5 59. Rd8+ Ke6 60. Re8+ Kf7 61. Rb8 Bf6 62. Rc8 Nd4+ 63. Kd3 Nc6 64. Rc7+ Ke6 65. Rh7 Bxg5 66. fxg5 Kf5 0-1

[Event "British Columbia-ch Seniors 50+"]
[Site "Surrey CAN"]
[Date "2025.06.21"]
[Round "4.3"]
[White "Curiel, Hector"]
[Black "Morgan, Scott"]
[Result "0-1"]
[WhiteElo "1568"]
[BlackElo "1937"]
[WhiteFideId "-1"]
[WhiteFideId "-1"]
[PlyCount "72"]
[GameId "2197311441169182"]
[EventDate "2025.06.20"]
[EventType "swiss"]
[EventRounds "6"]
[EventCountry "CAN"]

1. d4 Nf6 2. Nf3 d5 3. Bf4 c5 4. e3 Nc6 5. Be2 Qb6 6. b3 cxd4 7. exd4 Bg4 8. Be3 e6 9. O-O Be7 10. Nbd2 O-O 11. c4 Ba3 12. c5 Qc7 13. h3 Bf5 14. Bg5 Bb2 15. Rb1 Bxd4 16. Nxd4 Nxd4 17. Rc1 Rfc8 18. Bxf6 Nxe2+ 19. Qxe2 gxf6 20. Qf3 Qa5 21. Qg3+ Bg6 22. Qc3 Qxc3 23. Rxc3 a5 24. Nf3 e5 25. Rfc1 d4 26. c6 dxc3 27. cxb7 Rab8 28. bxc8=Q+ Rxc8 29. a3 Bd3 30. Ne1 e4 31. f3 c2 32. fxe4 Bxe4 33. Kf2 Rc3 34. b4 axb4 35. axb4 Rb3 36. b5 Rb1 0-1

[Event "British Columbia-ch Seniors 50+"]
[Site "Surrey CAN"]
[Date "2025.06.21"]
[Round "4.4"]
[White "Bacon, Craig"]
[Black "Mohammed Qanee, Arpak Worya"]
[Result "0-1"]
[WhiteElo "1735"]
[BlackElo "1996"]
[WhiteFideId "-1"]
[WhiteFideId "-1"]
[PlyCount "58"]
[GameId "2197311441169183"]
[EventDate "2025.06.20"]
[EventType "swiss"]
[EventRounds "6"]
[EventCountry "CAN"]

1. e4 c5 2. c3 Nf6 3. e5 Nd5 4. d4 e6 5. c4 Nc7 6. d5 d6 7. Bf4 exd5 8. exd6 Bxd6 9. Bxd6 Qxd6 10. Nf3 O-O 11. Be2 d4 12. O-O Nc6 13. a3 Bf5 14. Bd3 Bxd3 15. Qxd3 Qg6 16. Qb3 b6 17. Nbd2 Rfe8 18. Qa4 a5 19. Rab1 Re6 20. Ra1 Rae8 21. Rab1 Qd3 22. Ra1 h6 23. Rab1 g5 24. h3 R8e7 25. Rbd1 Kg7 26. Nb1 Qf5 27. Nbd2 h5 28. Rc1 g4 29. Nh4 Qg5 0-1

[Event "British Columbia-ch Seniors 50+"]
[Site "Surrey CAN"]
[Date "2025.06.21"]
[Round "4.5"]
[White "Williamson, Jason"]
[Black "Beaulieu, Michael"]
[Result "1-0"]
[WhiteElo "1971"]
[BlackElo "1752"]
[WhiteFideId "-1"]
[WhiteFideId "-1"]
[PlyCount "107"]
[GameId "2197311441169184"]
[EventDate "2025.06.20"]
[EventType "swiss"]
[EventRounds "6"]
[EventCountry "CAN"]

1. e4 c5 2. Nf3 Nc6 3. d4 cxd4 4. Nxd4 g6 5. c4 Bg7 6. Be3 Nf6 7. Nc3 d6 8. Be2 O-O 9. O-O Bd7 10. f4 Nxd4 11. Bxd4 Bc6 12. Bf3 a5 13. Nd5 Nd7 14. Bxg7 Kxg7 15. b3 Kg8 16. Qd2 Bxd5 17. Qxd5 Qb6+ 18. Kh1 Rac8 19. e5 Rc5 20. Qd2 Nxe5 21. fxe5 Rxe5 22. Rae1 e6 23. Rxe5 dxe5 24. Rd1 f5 25. Qd6 Qxd6 26. Rxd6 e4 27. Be2 Kf7 28. Rd7+ Kf6 29. Kg1 Rf7 30. Rxf7+ Kxf7 31. a3 Kf6 32. Kf2 Ke5 33. Ke3 f4+ 34. Kd2 Kd4 35. h4 b6 36. a4 h6 37. Bd1 e5 38. h5 g5 39. Bg4 e3+ 40. Kc2 e4 41. Be2 Ke5 42. Bg4 Kd4 43. Bd1 e2 44. Bxe2 Ke3 45. Bg4 Kf2 46. b4 axb4 47. a5 bxa5 48. c5 Kxg2 49. c6 f3 50. c7 e3 51. c8=Q e2 52. Kd2 e1=Q+ 53. Kxe1 f2+ 54. Kd2 1-0

[Event "British Columbia-ch Seniors 50+"]
[Site "Surrey CAN"]
[Date "2025.06.22"]
[Round "5.1"]
[White "Ross, Paul"]
[Black "McLaren, Brian"]
[Result "1-0"]
[WhiteElo "2287"]
[BlackElo "2040"]
[WhiteFideId "-1"]
[WhiteFideId "-1"]
[PlyCount "123"]
[GameId "2197311441169185"]
[EventDate "2025.06.20"]
[EventType "swiss"]
[EventRounds "6"]
[EventCountry "CAN"]

1. d4 d5 2. c4 e6 3. Nf3 c6 4. g3 Bd6 5. Bg2 f5 6. O-O Nf6 7. b3 Qe7 8. a4 Nbd7 9. Ba3 O-O 10. Bxd6 Qxd6 11. Na3 b6 12. Qc2 Ne4 13. e3 Bb7 14. Rfd1 g5 15. Qb2 g4 16. Nh4 Ng5 17. f4 gxf3 18. Nxf3 Qe7 19. Nxg5 Qxg5 20. Qf2 Rae8 21. Qf4 Qe7 22. Nc2 Nf6 23. a5 Bc8 24. axb6 axb6 25. Bf3 Rd8 26. Ne1 c5 27. Nd3 cxd4 28. exd4 dxc4 29. bxc4 Rd7 30. Ne5 Rc7 31. Rab1 Ba6 32. Nc6 Qg7 33. d5 exd5 34. cxd5 Bc8 35. d6 Rd7 36. Rxb6 Kh8 37. Ne5 Ra7 38. Qd4 Nd7 39. Nxd7 Qxd4+ 40. Rxd4 Bxd7 41. Rc4 Re8 42. Rb2 Ra6 43. Rd2 Re6 44. Rcd4 Kg7 45. Kf2 Kf6 46. Rd5 Re5 47. R5d4 Re6 48. Bb7 Rb6 49. Ba8 Ra6 50. Bf3 Rb6 51. h3 Re5 52. g4 fxg4 53. Bxg4 Bxg4 54. hxg4 Re8 55. d7 Rd8 56. Kg3 Kf7 57. Kf4 Rf6+ 58. Kg5 Rg6+ 59. Kh5 Ke7 60. Re2+ Kf7 61. g5 Rc6 62. Rf4+ 1-0

[Event "British Columbia-ch Seniors 50+"]
[Site "Surrey CAN"]
[Date "2025.06.22"]
[Round "5.3"]
[White "Mohammed Qanee, Arpak Worya"]
[Black "Catona, Dan"]
[Result "1/2-1/2"]
[WhiteElo "1996"]
[BlackElo "1824"]
[WhiteFideId "-1"]
[WhiteFideId "-1"]
[PlyCount "90"]
[GameId "2197311441169187"]
[EventDate "2025.06.20"]
[EventType "swiss"]
[EventRounds "6"]
[EventCountry "CAN"]

1. e4 e6 2. d4 d5 3. Nc3 dxe4 4. Nxe4 Nd7 5. Nf3 Ngf6 6. Nxf6+ Nxf6 7. Bd3 c5 8. dxc5 Bxc5 9. O-O O-O 10. a3 b6 11. b4 Be7 12. Bb2 Bb7 13. Qe2 Qc7 14. Ne5 Rfd8 15. Rae1 Bd5 16. c4 Bb7 17. f4 a5 18. Nxf7 Kxf7 19. Qxe6+ Kf8 20. Bxf6 Bxf6 21. Bxh7 Qf7 22. Qxf7+ Kxf7 23. Be4 Bxe4 24. Rxe4 axb4 25. axb4 Ra2 26. f5 Rdd2 27. Rg4 Bd4+ 28. Kh1 Rac2 29. c5 bxc5 30. bxc5 Bxc5 31. h4 Rf2 32. Rxf2 Rxf2 33. Rg5 Be7 34. Rh5 Kf6 35. g4 Rf4 36. Rg5 Kf7 37. Rg6 Bxh4 38. Kg2 Be7 39. Kg3 Rd4 40. Kf3 Rd6 41. Rxd6 Bxd6 42. g5 Ke8 43. Kg4 Be5 44. Kh5 Kf7 45. Kg4 g6 1/2-1/2

[Event "British Columbia-ch Seniors 50+"]
[Site "Surrey CAN"]
[Date "2025.06.22"]
[Round "5.4"]
[White "Ingram, Richard"]
[Black "Williamson, Jason"]
[Result "1/2-1/2"]
[WhiteElo "1662"]
[BlackElo "1971"]
[WhiteFideId "-1"]
[WhiteFideId "-1"]
[PlyCount "76"]
[GameId "2197311441169188"]
[EventDate "2025.06.20"]
[EventType "swiss"]
[EventRounds "6"]
[EventCountry "CAN"]

1. e4 c5 2. Nf3 Nc6 3. d4 cxd4 4. Nxd4 Nf6 5. Nc3 e5 6. Ndb5 d6 7. Bg5 a6 8. Na3 b5 9. Nd5 Be7 10. Bxf6 Bxf6 11. c3 O-O 12. Nc2 Bg5 13. a4 bxa4 14. Rxa4 a5 15. Bc4 Rb8 16. Ra2 Ne7 17. Nce3 Bxe3 18. Nxe3 Qc7 19. Qd3 Rd8 20. O-O Bb7 21. Rfa1 Ra8 22. Nd5 Nxd5 23. Bxd5 Bxd5 24. Qxd5 Rab8 25. g3 Qb7 26. Rd1 g6 27. Qxb7 Rxb7 28. Rxa5 Rxb2 29. Rxe5 Rc8 30. Rxd6 Rxc3 31. Rf6 Rc7 32. Kg2 Kg7 33. Rf3 Rb6 34. h4 f6 35. Re8 Kf7 36. Rh8 Kg7 37. Re8 Kf7 38. Rh8 Kg7 1/2-1/2

[Event "British Columbia-ch Seniors 50+"]
[Site "Surrey CAN"]
[Date "2025.06.22"]
[Round "5.5"]
[White "Radic, Dejan"]
[Black "Kagaoan, Jose"]
[Result "1-0"]
[WhiteElo "1672"]
[BlackElo "2026"]
[WhiteFideId "-1"]
[WhiteFideId "-1"]
[PlyCount "51"]
[GameId "2197311441169189"]
[EventDate "2025.06.20"]
[EventType "swiss"]
[EventRounds "6"]
[EventCountry "CAN"]

{[%evp 0,50,19,38,83,67,116,50,64,44,42,33,51,53,52,53,37,53,64,54,54,59,70,76,71,71,68,53,51,69,66,62,124,128,128,136,178,185,174,146,128,90,179,-102,487,521,578,602,714,737,737,774,1450]} 1. e4 g6 2. d4 Nf6 3. Nc3 d5 4. exd5 Nxd5 5. Nf3 Nxc3 6. bxc3 Bg7 7. Bc4 O-O 8. O-O Nd7 9. Re1 c6 10. Qe2 e6 11. a4 Nb6 12. Bb3 c5 13. a5 Nd5 14. Bd2 Qd6 15. Ne5 f6 16. Nd3 cxd4 17. cxd4 Qa6 18. c4 Nc7 19. Nc5 Qd6 20. Bc3 Rb8 21. Nxe6 Kh8 22. Nxf8 Bxf8 23. c5 Qf4 24. Qc4 Be6 25. Rxe6 Bh6 26. Rxf6 1-0